000
00308nam a22001457a 4500
008
210604b ||||| |||| 00| 0 eng d
020
_a
9781285879079
041
_a
eng
080
_a
004
082
_a
004
100
_a
28
101
_a
SHKI
245
_a
Computer Literacy
_c
Shelly,G.B
942
_2
udc
_c
BK
999
_c
57945
_d
57945